| 000 | 01355cam a22003255a 4500 | ||
|---|---|---|---|
| 999 |
_c21318 _d21290 |
||
| 001 | 013833557 | ||
| 003 | EG-ScBUE | ||
| 005 | 20200206114322.0 | ||
| 008 | 070903r20102008enka f b f001 0 eng d | ||
| 020 | _a9780521703932 (pbk.) | ||
| 040 |
_aStDuBDS _beng _erda _cStDuBDS _dUk _dEG-ScBUE |
||
| 082 | 0 | 4 |
_a808.0665 _bGUS _222 |
| 100 | 1 |
_aGustavii, Björn, _d1932- _eauthor. _939481 |
|
| 245 | 1 | 0 |
_aHow to write and illustrate scientific papers / _cBjörn Gustavii. |
| 250 | _aSecond edition. | ||
| 250 | _aReprinted edition. | ||
| 264 | 1 |
_aCambridge ; _aNew Delhi : _bCambridge University Press, _c2010. |
|
| 300 |
_aix, 168 pages : _billustrations ; _c24 cm |
||
| 336 |
_2rdacontent _atext _btxt |
||
| 337 |
_2rdamedia _aunmediated _bn |
||
| 338 |
_2rdacarrier _avolume _bnc |
||
| 504 | _aIncludes bibliographical references and index. | ||
| 520 | _aThis second edition has been broadened to include comprehensive advice on writing compilation theses for doctoral degrees, preparing case reports, advice on when to get a professional artist to redraw figures, what to include in figure legends and how to present them, and how to present statistical results. | ||
| 650 | 7 |
_aTechnical writing. _2BUEsh _95292 |
|
| 650 | 7 |
_aMedical writing. _2BUEsh _933956 |
|
| 651 | _2BUEsh | ||
| 653 |
_bPPhrm _cMarch2016 |
||
| 655 | _vReading book | ||
| 942 |
_2ddc _cBB |
||